Largest Animal Phyla - Statistics

General Stats
  • This quiz has been taken 98 times
  • The average score is 6 of 9
Answers on the Map
Answers color-coded by a green-red scale on the quiz's map according to % correct below.
 
Answer Stats
Hint Answer % Correct
55,000+ Species Chordata
98%
1,250,000+ Species Arthropoda
89%
85,000+ Species Mollusca
73%
16,000+ Species Cnidaria
65%
10,800+ Species Porifera
62%
22,000+ Species Annelida
61%
7,500+ Species Echinodermata
56%
25,000+ Species Nematoda
48%
29,500+ Species Platyhelminthes
41%
No matching quizzes found
Score Distribution
Percent of People with Each Score
Percentile by Number Answered
Your Score History
You have not taken this quiz